000 00387nam a2200145Ia 4500
008 151213s9999 xx 000 0 und d
100 _aS.K. Chakraborty
245 _aValues & Ethics for Organizations
_cS.K. Chakraborty
260 _aMumbai
_bOxford University
_c1998
300 _a2928 p.
650 _aManagement
650 _aManagement
700 _aS.K. Chakraborty
999 _c2015
_d2015